| 000 | 00334nam a2200121Ia 4500 | ||
|---|---|---|---|
| 008 | 230907s9999||||xx |||||||||||||| ||und|| | ||
| 082 | _a621.042,TWO | ||
| 100 |
_aTwidell, John. _9110297 |
||
| 245 | 0 | _aRenewable energy resources / | |
| 260 |
_aTaylor & Francis, _bLondon ; | New York : _c2006 |
||
| 300 | _axvi, 601 p. : | ||
| 942 | _cBK | ||
| 999 |
_c597448 _d597448 |
||